Wireless# certification official study guide : [Vendor-neutral wireless network training and certification]
Prepare for the PWO-050 exam as well as understand the basics of many wireless technologies. Learn how to implement, troubleshoot and maintain small and medium sized wireless networks. Get started in a career in wireless IT
Đã lưu trong:
| Hovedforfatter: | |
|---|---|
| Format: | Bog |
| Sprog: | Undetermined |
| Udgivet: |
New York
McGraw-Hill
2006
|
| Fag: | |
| Tags: |
Tilføj Tag
Ingen Tags, Vær først til at tagge denne postø!
|
| Thư viện lưu trữ: | Trung tâm Học liệu Trường Đại học Cần Thơ |
|---|
| LEADER | 01110nam a2200229Ia 4500 | ||
|---|---|---|---|
| 001 | CTU_132667 | ||
| 008 | 210402s9999 xx 000 0 und d | ||
| 020 | |c 792000 | ||
| 082 | |a 004.68 | ||
| 082 | |b C295 | ||
| 100 | |a Carpenter, Tom | ||
| 245 | 0 | |a Wireless# certification official study guide : | |
| 245 | 0 | |b [Vendor-neutral wireless network training and certification] | |
| 245 | 0 | |c Tom Carpenter | |
| 260 | |a New York | ||
| 260 | |b McGraw-Hill | ||
| 260 | |c 2006 | ||
| 520 | |a Prepare for the PWO-050 exam as well as understand the basics of many wireless technologies. Learn how to implement, troubleshoot and maintain small and medium sized wireless networks. Get started in a career in wireless IT | ||
| 650 | |a Wireless LANs,Wireless communication systems,Electronic data processing personnel,Mạng không dây,Hệ thống truyền thông vô tuyến,Bộ phận xử lý dữ liệu điện tử | ||
| 650 | |x Examinations,Examinations,Certification,Kiểm tra,Kiểm tra | ||
| 904 | |i Trọng Hải | ||
| 980 | |a Trung tâm Học liệu Trường Đại học Cần Thơ | ||